000 00262nam a2200109Ia 4500
008 200302s9999 xx 000 0 und d
100 _aIan Graham
245 _aSplendours Of The East
260 _bWeidenfeld and Nicolson Ltd,
260 _c1965
300 _a288 P.,
999 _c2392
_d2392